Common day names for Old countries Quiz Stats

 Plays Quiz not verified by Sporcle

Score 0/15 Timer 20:00
0 Plays Today
Old Name Common Day Name % Correct
Aztec (Location of Capital)Mexico
100%
Czechoslovakia (Main country)Czech Republic
100%
Ottoman Empire (Location of Capital)Turkey
98.6%
Mongol Empire (Location of Capital)Mongolia
98.6%
Prussia (all)Germany
97.1%
Rome (Location of Capital)Italy
95.7%
Brittish Empire (Location of Capital)UK
95.7%
Mali Empire (Location of Capital)Mali
95.7%
Old Name Common Day Name % Correct
Inca (Location of Capital)Peru
94.2%
SiamThailand
91.3%
Yugoslavia (Main country)Serbia
88.9%
Islamic Empire (Location of Holiest site)Saudi Arabia
88.4%
Maya (Location of Capital)Guatemala
76.8%
CeylonSri Lanka
73.9%
Hunic Empire (Founded land)Hungary
65.2%

You're not logged in!

Compare scores with friends on all Sporcle quizzes.
OR
Log In

You Might Also Like...

Show Comments

Extras

Created May 25, 2016ReportNominate
Tags:Country Quiz, old

Top Quizzes Today


Score Distribution

Your Account Isn't Verified!

In order to create a playlist on Sporcle, you need to verify the email address you used during registration. Go to your Sporcle Settings to finish the process.

Report this User

Report this user for behavior that violates our Community Guidelines.

Details: